000
00293nam a22001337a 4500
008
171124b xxu||||| |||| 00| 0 eng d
020
_a
9781566632584
041
_a
eng
080
_a
32
100
_a
19
101
_a
POL
245
_a
THE BETRAYAL OF LIBERALISM
_c
KRAMER,H
942
_2
udc
_c
BK
999
_c
38484
_d
38484